ARRUPE JESUIT UNIVERSITY

CORONAVIRUS -STOP THE SPREAD - CLEAN,DISINFECT,COVER

The customary law of the Dinka people of Sudan (Record no. 3847)

MARC details
000 -LEADER
fixed length control field 00503nam a2200193Ia 4500
003 - CONTROL NUMBER IDENTIFIER
control field 0100
008 - FIXED-LENGTH DATA ELEMENTS--GENERAL INFORMATION
fixed length control field 130227s9999 xx 000 0 und d
040 ## - CATALOGING SOURCE
Transcribing agency ARRUPELIB
050 ## - LIBRARY OF CONGRESS CALL NUMBER
Classification number DT155.2.D56 M235 1988
100 ## - MAIN ENTRY--PERSONAL NAME
Personal name Makec, Wuol John
9 (RLIN) 31107
245 #4 - TITLE STATEMENT
Title The customary law of the Dinka people of Sudan
245 ## - TITLE STATEMENT
Remainder of title in comparison with aspects of Western and Islamic laws
260 ## - PUBLICATION, DISTRIBUTION, ETC. (IMPRINT)
Name of publisher, distributor, etc Afroworld publishing
Place of publication, distribution, etc London
Date of publication, distribution, etc 1988
300 ## - PHYSICAL DESCRIPTION
Extent 287p.
300 ## - PHYSICAL DESCRIPTION
Other physical details 24cm.
650 ## - SUBJECT ADDED ENTRY--TOPICAL TERM
Topical term or geographic name as entry element Customary law
Geographic subdivision Sudan
9 (RLIN) 31108
650 ## - SUBJECT ADDED ENTRY--TOPICAL TERM
Topical term or geographic name as entry element Law
General subdivision Dinka
9 (RLIN) 31109
942 ## - ADDED ENTRY ELEMENTS (KOHA)
Source of classification or shelving scheme Library of Congress Classification
Item type Monograph ( Printed materials)
Holdings
Withdrawn status Lost status Source of classification or shelving scheme Damaged status Not for loan Collection code Home library Current library Shelving location Date acquired Total Checkouts Full call number Barcode Date last seen Copy number Price effective from Koha item type
    Library of Congress Classification     Main Collection ARRUPE LIBRARY ARRUPE LIBRARY   27/02/2013   DT155.2.D56 M235 1988 46404968 07/12/2017 1 27/02/2013 Monograph ( Printed materials)

 

Arrupe Library. PO Box MP320 Mt Pleasant, Harare, Zimbabwe
263 242 745411|librarian@aju.ac.zw